Global Marketing Management (Record no. 3844)
[ view plain ]
| 000 -LEADER | |
|---|---|
| fixed length control field | 00333nam a2200145Ia 4500 |
| 008 - FIXED-LENGTH DATA ELEMENTS--GENERAL INFORMATION | |
| fixed length control field | 191201s2008 xx 000 0 und d |
| 082 ## - DEWEY DECIMAL CLASSIFICATION NUMBER | |
| Classification number | 658.562 |
| Item number | KEG- |
| 100 ## - MAIN ENTRY--PERSONAL NAME | |
| Personal name | KEEGAN, Warren J |
| 245 #0 - TITLE STATEMENT | |
| Title | Global Marketing Management |
| 250 ## - EDITION STATEMENT | |
| Edition statement | Rep. |
| 260 ## - PUBLICATION, DISTRIBUTION, ETC. (IMPRINT) | |
| Place of publication, distribution, etc | N.Delhi |
| Name of publisher, distributor, etc | PHI |
| Date of publication, distribution, etc | 2008 |
| 300 ## - PHYSICAL DESCRIPTION | |
| Extent | 617 |
| 650 ## - SUBJECT ADDED ENTRY--TOPICAL TERM | |
| Topical term or geographic name as entry element | MBA |
| 942 ## - ADDED ENTRY ELEMENTS (KOHA) | |
| Source of classification or shelving scheme | Dewey Decimal Classification |
| Koha item type | Text Books |
| Withdrawn status | Lost status | Source of classification or shelving scheme | Damaged status | Not for loan | Collection code | Home library | Current library | Date acquired | Source of acquisition | Cost, normal purchase price | Bill Number | Total Checkouts | Full call number | Acc. no. / Barcode | Date last seen | Bill Date | Koha item type | Date last borrowed | Public note |
|---|---|---|---|---|---|---|---|---|---|---|---|---|---|---|---|---|---|---|---|
| Dewey Decimal Classification | MBA | PIET C-LIBRARY | PIET C-LIBRARY | 25/02/2009 | J B C, New Delhi | 295.00 | SI-5594 | 658.84 KEG | 11560 | 04/12/2019 | 06/02/2009 | Text Books | |||||||
| Dewey Decimal Classification | MBA | PIET C-LIBRARY | PIET C-LIBRARY | 25/02/2009 | J B C, New Delhi | 295.00 | SI-5594 | 658.84 KEG | 11561 | 04/12/2019 | 06/02/2009 | Text Books | |||||||
| Dewey Decimal Classification | MBA | PIET C-LIBRARY | PIET C-LIBRARY | 25/02/2009 | J B C, New Delhi | 295.00 | SI-5594 | 658.84 KEG | 11562 | 04/12/2019 | 06/02/2009 | Text Books | |||||||
| Dewey Decimal Classification | MBA | PIET C-LIBRARY | PIET C-LIBRARY | 25/02/2009 | J B C, New Delhi | 295.00 | SI-5594 | 658.84 KEG | 11563 | 04/12/2019 | 06/02/2009 | Text Books | |||||||
| Dewey Decimal Classification | MBA | PIET C-LIBRARY | PIET C-LIBRARY | 25/02/2009 | J B C, New Delhi | 295.00 | SI-5594 | 1 | 658.84 KEG | 11564 | 25/11/2023 | 06/02/2009 | Text Books | 22/01/2022 | . | ||||
| Dewey Decimal Classification | MBA | PIET C-LIBRARY | PIET C-LIBRARY | 25/02/2009 | J B C, New Delhi | 295.00 | SI-5594 | 658.84 KEG | 11565 | 04/12/2019 | 06/02/2009 | Text Books | |||||||
| Dewey Decimal Classification | MBA | PIET C-LIBRARY | PIET C-LIBRARY | 25/02/2009 | J B C, New Delhi | 295.00 | SI-5594 | 658.84 KEG | 11566 | 04/12/2019 | 06/02/2009 | Text Books |